Atlantis ve světle moderní vědy /

Guardado en:
Detalles Bibliográficos
Autor principal: Kukal, Zdeněk (Autor)
Formato: Libro
Lenguaje:checo
Publicado: Praha : Academia, 1985
Edición:2.dopl.vyd.
Materias:
Etiquetas: Agregar Etiqueta
Sin Etiquetas, Sea el primero en etiquetar este registro!

MARC

LEADER 00000nam a22000003a 4500
001 stu2039
005 20150617225703.7
008 920622s1985----cs------------------cze-d
040 |a STU  |b slo 
041 0 |a cze 
044 |a cs 
080 |a 931 
080 |a 550.8 
100 1 |a Kukal, Zdeněk  |4 aut 
245 1 |a Atlantis ve světle moderní vědy /  |c [aut.] Kukal,Zdeněk 
250 |a 2.dopl.vyd. 
260 |a Praha :  |b Academia,  |c 1985 
300 |a 270 s 
650 7 |a staroveké dejiny  |2 stusub 
996 |b E76588  |c R*76588  |l RRUM  |s A  |a 24  |w stu2039_0001